Občan a občianstvo 2002 : Zborník referátov

Salvato in:
Dettagli Bibliografici
Ente Autore: Medzinárodná konferencia Bratislava
Natura: Atti del Convegno Libro
Lingua:slovacco
ceco
Pubblicazione: Bratislava : Slovenská vedecká spoločnosť pre telesnú výchovu a šport, 2002
Soggetti:
Tags: Aggiungi Tag
Nessun Tag, puoi essere il primo ad aggiungerne!!

MARC

LEADER 00000nam a22000003a 4500
001 stu78873
005 20150408161710.0
008 030131s2002----xo------------------slo-d
020 |a 80-89075-09-6 
040 |a STU  |b slo 
041 0 |a slo  |a cze 
044 |a xo 
080 |a 3 
111 2 |a Medzinárodná konferencia  |d (6.2.2002 :  |c Bratislava) 
245 |a Občan a občianstvo 2002 :  |b Zborník referátov 
260 |a Bratislava :  |b Slovenská vedecká spoločnosť pre telesnú výchovu a šport,  |c 2002 
300 |a 190 s 
650 7 |a vedy spoločenské  |2 stusub 
996 |b 284M038985  |c M*Z-2163  |l MMKN  |s A  |a 24  |w stu78873_0001